02238 a2200169 4500020001500000020001800015082001500033100001600048245004800064250001200112260002800124300002100152500001500173520177700188856004901965856005402014 a0471430161 a978047143016204a332.6320421 aStein, Ben.10aYes, you can time the market! /cBen Stein. a1st ed. a[S.l.] :bWiley,c2003. a240 p. ;c24 cm. aHardcover. aPraise for Yes, You Can Time the Market! "‘Buy and hold’ makes sense for the average investor in stocks. Even better, say Stein and DeMuth, is to buy only when prices are low and hold when prices are high, keeping accumulating savings in Treasuries while waiting for ‘low’ prices. They define ‘low’ and ‘high’ prices by historical experience. An interesting and thoughtful analysis." –Professor Milton Friedman University of Chicago, Hoover Center Nobel Prize Winner in Economics, 1976 "Wall Street, prepare yourself. Ben and Phil hit the nail on the head with their insightful guide to investing. No gimmicks, no games, just tapping the true power of economics to make sensible investment decisions. Add to that the authors’ dry wit, and this handbook is a must-read for investors small and large." –Diane C. Swonk Director of Economics, Chief Economist Senior Vice President, Bank One Corporation " The logic and reasoning are persuasive. Stein and DeMuth buttress them with evidence, lots of it. The term ‘valuable’ properly applies to the guidance of the conclusions." –C. Lowell Harriss Professor Emeritus of Economics Columbia University "How refreshing to read commonsense advice about the stock market! Stein and DeMuth’s findings are both verifiable and free of quantitative trickery. What’s more, their writing is as clear and straightforward as the methods they recommend." –Martin Fridson author, It Was a Very Good Year: Extraordinary 3Amazon.comuhttp://www.amazon.com/exec/obido 3Amazon customer reviewsuhttp://www.chopac.org/cg